Responses for Show #4361 - Monday, July 14, 2003

Contestants

[<< previous game]

Richard Finch, an attorney from Dearborn Heights, Michigan

Charlene Lyons, a waitress from Oceanside, California

Leonard Stoehr, a truck driver from Norcross, Georgia (whose 1-day cash winnings total $7,599)

[next game >>]

Jeopardy! Round responses

ART
A STAR IS BORN
SHORT ORDER SHORTHAND
THE REAL MIDDLE EARTH
HOLD IT!
"S.B."
    $200 1
stained glass

Richard
    $200 19
(Charlene: Who is Christina Crawford?)

Joan Crawford

LeonardCharlene
    $200 6
black coffee

Richard
    $200 11
mountains

Leonard
    $200 13
(Alex: And Leonard, that takes you out of the hole; all I see is blue now; no red, except for Charlene's shirt!)

torch

Leonard
    $200 14
Saint Bernard

Richard
    $400 2
Coney Island

Leonard
    $400 20
Charlie Sheen

Leonard
    $400 7
Jell-O

Charlene
    $400 12
core

Charlene
    $400 24
batons

Charlene
    $400 15
silver bullet

Charlene
    $600 3
(Leonard: What is lithograph?)

etchings

Leonard
Triple Stumper
    $600 21
Elliott Gould

Leonard
    $600 8
milkshake

Charlene
    $600 28
seismic waves

Triple Stumper
    $600 25
sword

Richard
    $600 16
Santa Barbara

Leonard
    $800 4
Comedy & Tragedy

Leonard
    $800 22
Doris Day

Leonard
    $1,000 9
(Charlene: BLT?)
...
(Alex: A reference to one of Noah's sons, Ham.)

a ham sandwich

Charlene
    $800 29
(Charlene: Igneous? What is igneous?)

metamorphic

Charlene
Triple Stumper
    $800 26
scepter

Triple Stumper
    $800 17
sauvignon blanc

Charlene
    $1000 5
(Leonard: What is Moulin Rouge?)
(Richard: What is the Left Bank?)

Montmartre

LeonardCharleneRichard
    $1000 23
(Leonard: Who was Paul Heinrich?)

Peter Lorre

LeonardCharlene
    $1000 10
pancakes

Richard
    $1000 30
(Charlene: What is nickel?)

iron

CharleneRichard
    $1000 27
standard bearer

Leonard
    $1000 18
(Leonard: What is... I'm sorry.)
(Richard: What is Santa Barbara?)

Sunset Beach

LeonardRichard
Triple Stumper

Scores at the first commercial break (after clue 13):

Leonard Charlene Richard
$0 $1,400 $400

Scores at the end of the Jeopardy! Round:

Leonard Charlene Richard
$1,600 $2,000 $1,200

Double Jeopardy! Round responses

QUOTATIONS
COUNTRY SINGERS
(Alex: We want you to identify the country of birth of the singers we will mention.)
AT A LOW POINT
BOATING
BEASTLY WORDS & PHRASES
NERVOUS REX
    $400 1
(Richard: Who is Harvey Fierstein?)

Woody Allen

Richard
Triple Stumper
    $400 16
Ireland

Leonard
    $400 21
(Richard: What is the United States?)

Mexico

CharleneRichard
    $400 26
life vest/preserver

Richard
    $400 9
the canary

Leonard
    $400 4
Attila

Leonard
    $800 2
(Richard: What is water?)

heaven

Richard
Triple Stumper
    $800 17
France

Leonard
    $800 22
The Netherlands/Holland

Leonard
    $800 27
buoys

Richard
    $800 10
beeline

Leonard
    $800 5
Macbeth

Leonard
    $1200 3
(Leonard: Who is Stokely Carmichael?)

Eldridge Cleaver

Leonard
Triple Stumper
    $1200 18
Australia

Leonard
    $1200 23
Denmark

Leonard
    $1200 28
outboard

Charlene
    $1200 11
hen

Richard
    $1200 6
(Charlene: Who is Solomon?)

Saul

CharleneRichard
    $1600 14
Harold Pinter

Leonard
    $1600 19
Wales

Charlene
    $1,000 24
(Leonard: What are Israel & Turkey?)

Israel & Jordan

Leonard
    $1600 29
(Leonard: What is a jet ski?)

runabouts

Leonard
Triple Stumper
    $1600 12
every dog has his day

Triple Stumper
    $1600 7
Harold II

Triple Stumper
    $2,000 15
Sylvia Plath

Leonard
    $2000 20
Nigeria

Triple Stumper
    $2000 25
Austria

Triple Stumper
    $2000 30
Intracoastal Waterway

Triple Stumper
    $2000 13
Crazy Like A Fox

Triple Stumper
    $2000 8
Darius

Leonard

Scores at the end of the Double Jeopardy! Round:

Leonard Charlene Richard
$10,200 $4,000 $3,200
(lock game)

[wagering suggestions for these scores]

Final Jeopardy! Round responses

MAGAZINES
(Alex: We all read 'em, don't we?)
(Alex: You could have bet $1 more and wind up with an even twenty grand, but maybe he'll do that tomorrow!)
RichardWhat is Life?
$3,200
CharleneWhat is National Geographic?
$3,199
LeonardWhat is National Geographic?
$2,200
National Geographic

Final scores:

Leonard Charlene Richard
$12,400 $7,199 $0
2-day champion: $19,999 2nd place: $2,000 3rd place: $1,000

Game dynamics:

Coryat scores:

Leonard Charlene Richard
$11,200 $5,000 $3,200
22 R
(including 1 DD),
7 W
(including 1 DD)
11 R,
5 W
(including 1 DD)
10 R,
5 W

Combined Coryat: $19,400

[game clues] [game scores] [suggest correction]

Game tape date: 2003-04-14
The J! Archive is created by fans, for fans. Scraping, republication, monetization, and malicious use prohibited; this site may use cookies and collect identifying information. See terms. The Jeopardy! game show and all elements thereof, including but not limited to copyright and trademark thereto, are the property of Jeopardy Productions, Inc. and are protected under law. This website is not affiliated with, sponsored by, or operated by Jeopardy Productions, Inc. Join the discussion at JBoard.tv.